How to Write Good / (Record no. 527397)

000 -LEADER
fixed length control field 00350nam a22001457a 4500
003 - CONTROL NUMBER IDENTIFIER
control field NUST
020 ## - INTERNATIONAL STANDARD BOOK NUMBER
International Standard Book Number 9781482554731
Qualifying information P/B.
038 ## - RECORD CONTENT LICENSOR
Staff Name waseem
082 ## - DEWEY DECIMAL CLASSIFICATION NUMBER
Classification number 791.43
Author Mark WOR
100 ## - MAIN ENTRY--PERSONAL NAME
Personal name Vorhaus, John
9 (RLIN) 18630
245 ## - TITLE STATEMENT
Title How to Write Good /
Statement of responsibility, etc. John Vorhaus
260 ## - PUBLICATION, DISTRIBUTION, ETC.
Place of publication, distribution, etc. Unites State :
Name of publisher, distributor, etc. John Vorhaus,
Date of publication, distribution, etc. 2013.
300 ## - PHYSICAL DESCRIPTION
Extent 102 p. ;
942 ## - ADDED ENTRY ELEMENTS (KOHA)
Source of classification or shelving scheme
Koha item type Book
Holdings
Withdrawn status Lost status Source of classification or shelving scheme Damaged status Not for loan Permanent Location Current Location Date acquired Total Checkouts Total Renewals Full call number Barcode Date last seen Date last checked out Price effective from Koha item type
          Central Library (CL) Central Library (CL) 07/26/2019 3 1 791.43 WOR CL-131 09/29/2024 02/18/2024 07/26/2019 Book
© 2023 Central Library, National University of Sciences and Technology. All Rights Reserved.